Top 15 most powerful countries - Statistics

General Stats
  • This quiz has been taken 310 times
    285 since last reset
  • The average score is 12 of 15
Answer Stats
Hint Answer % Correct
China
100%
United States
100%
Russia
99%
Japan
96%
Germany
94%
India
94%
United Kingdom
94%
France
93%
Brazil
83%
South Korea
79%
Iran
71%
Pakistan
69%
Turkey
65%
Israel
61%
Taiwan
33%
No matching quizzes found
Score Distribution
Percent of People with Each Score
Percentile by Number Answered
Your Score History
You have not taken this quiz since the last reset